Statistiques concernant Tous les vainqueurs de l'Open d'Australie depuis 1980

Cliquez ici pour prendre le quiz!

Statistiques générales

  • Ce quiz a été pris 49 fois
  • Le résultat moyen est 30 sur 45

Statistiques - réponses

AnnéesVainqueurs% Correct
2022Rafael Nadal
98%
2009Rafael Nadal
98%
2023Novak Djokovic
96%
2015Novak Djokovic
96%
2008Novak Djokovic
96%
2011Novak Djokovic
96%
2012Novak Djokovic
96%
2013Novak Djokovic
96%
2016Novak Djokovic
96%
2019Novak Djokovic
96%
2020Novak Djokovic
96%
2021Novak Djokovic
96%
2017Roger Federer
96%
2018Roger Federer
96%
2010Roger Federer
96%
2007Roger Federer
96%
2006Roger Federer
96%
2004Roger Federer
96%
2014Stan Wawrinka
77%
2001Andre Agassi
75%
1995Andre Agassi
75%
2000Andre Agassi
75%
2003Andre Agassi
75%
2024Jannik Sinner
73%
1997Pete Sampras
69%
1994Sampras
65%
1990Ivan Lendl
52%
1989Ivan Lendl
52%
2005Marat Safin
52%
1996Boris Becker
50%
1991Boris Becker
50%
1983Mats Wilander
44%
1987Mats Wilander
44%
1988Mats Wilander
44%
1984Mats Wilander
44%
1986Stefan Edberg
38%
1985Stefan Edberg
38%
1993Jim Courier
35%
1992Jim Courier
35%
1999Ievgueni Kafelnikov
27%
1998Petr Korda
19%
2002Thomas Johansson
15%
1980Brian Teacher
6%
1982Johan Kriek
6%
1981Johan Kriek
6%

Distribution des résultats

Percentile par nombre de réponses

% des personnes avec chaque résultat

Votre développement - résultats

Vous n’avez pas pris ce quiz